LEADER 01133nam a2200277 a 4500 001 000000145945 003 CaOOAMICUS 005 20150922141437.0 008 150922s1962 enk u000 u eng r 040 $aPUL$bita 100 1 $aStevenson, William Barron.$0(OLS)http://pul/name/93413 245 10$aGrammar of Palestinian Jewish Aramaic /$cby Wm. B. Stevenson. 250 $a2. ed. with an appendix on the numerals by J. A. Emerton. 260 $aOxford :$bClarendon Press,$c1962. 300 $a107 p. ;$c19 cm 490 1 $aOxford Books 650 4$aLingua aramaica.$0(OLS)http://pul/subject/20776 700 1 $aEmerton, John A.$0(OLS)http://pul/name/93414 830 0$aOxford Books.$0(OLS)http://pul/title/70013 850 $aPUL 852 $aPUL$W1$xDP1 Fondo S. Lanza$y121$m5 A 6$j158164$aRist. del 1966$qFondi$B169557$CPULBib$Z2$F169557 $HLan2437 $82 941 1 $a1 961 $aNota ms. di possesso: Sergio Lanza 996 $6245$aGrammar of Palestinian Jewish Aramaic$9(OLS)http://pul/title/184535 996 $6260$aOxford :$bClarendon Press$9(OLS)http://pul/publisher/48412 LEADER 01351nam a2200313 a 4500 001 000000161744 003 CaOOAMICUS 005 20170710092259.0 008 170710s2017 vc 001 udita r 020 $a978-88-266-0004-8* 032 $aLibriCat 040 $aPUL$bita 082 04$a262 100 1 $aMarchetto, Agostino,$carciv.,$d1940-$0(OLS)http://pul/name/20824 245 14$a"La riforma e le riforme nella Chiesa" :$buna risposta /$cAgostino Marchetto. 260 $aCittą del Vaticano :$bLibreria editrice vaticana,$c©2017. 300 $a117 p. ;$c24 cm. 490 1 $aStoria e attualitą ;$v22 504 $aBibliografia in nota. 610 24$aChiesa cattolica$xRiforma.$0(OLS)http://pul/subject/36970 830 0$aStoria e attualitą (Libreria editrice Vaticana) ;$v22.$0(OLS)http://pul/title/23490 850 $aPUL 852 $aPUL$W1$xSL Religione 3$y85$m262 MARAG 1$j185725$qDDC 21$B188941$CPULBib$Z2$F188941 $H129993 $81 941 1 $a9 996 $6020$a978-88-266-0004-8*$9(OLS)http://pul/number/162990 996 $6082$a262$9(OLS)http://pul/classification/438 996 $6245$a"La riforma e le riforme nella Chiesa" :$buna risposta$9(OLS)http://pul/title/201511 996 $6260$aCittą del Vaticano :$bLibreria editrice vaticana$9(OLS)http://pul/publisher/47920